书目信息 |
| 题名: |
数据结构
|
|
| 作者: | 黄刘生 主编 | |
| 分册: | ||
| 出版信息: | 北京 经济科学出版社 2000 |
|
| 页数: | 242页 | |
| 开本: | 26cm | |
| 丛书名: | ||
| 单 册: | ||
| 中图分类: | TP311.12 , TP312C | |
| 科图分类: | ||
| 主题词: | 数据结构--shu ju jie gou--教材 , C语言--c yu yan--程序设计--教材 | |
| 电子资源: | ||
| ISBN: | 7-5058-2066-4 | |
| 000 | 00759nam 2200241 450 | |
| 005 | 20070726150708.20 | |
| 010 | @a7-5058-2066-4@dCNY21.00 | |
| 100 | @a20050923d2000 em y0chiy0121 ea | |
| 101 | 0 | @achi |
| 102 | @aCN@b110000 | |
| 105 | @aak a 000yy | |
| 200 | 1 | @a数据结构@Ashu ju jie gou@f黄刘生主编@Fhuang liu sheng zhu bian |
| 210 | @a北京@c经济科学出版社@d2000 | |
| 215 | @a242页@c图@d26cm | |
| 300 | @a附:数据结构自学考试大纲 | |
| 300 | @a全国高等教育自学考试指定教材 计算机应用专业(独立本科段) | |
| 606 | 0 | @a数据结构@Ashu ju jie gou@j教材 |
| 606 | 0 | @aC语言@Ac yu yan@x程序设计@j教材 |
| 690 | @aTP311.12@v4 | |
| 690 | @aTP312C@v4 | |
| 701 | 0 | @a黄刘生@Ahuang liu sheng@4主编 |
| 801 | 0 | @aCN@bBUPT@c20070726 |
| 905 | @a10447@dTP311.12@e436 | |
| 数据结构/黄刘生主编.-北京:经济科学出版社,2000 |
| 242页:图;26cm |
| 附:数据结构自学考试大纲.-全国高等教育自学考试指定教材 计算机应用专业(独立本科段) |
| ISBN 7-5058-2066-4:CNY21.00 |
| ● |
| 相关链接 |
|
|
|
|
正题名:数据结构
索取号:TP311.12/436
 
预约/预借
| 序号 | 登录号 | 条形码 | 馆藏地/架位号 | 状态 | 备注 |
| 1 | 0769564 | 207695644 | 第二样本阅览室/ [索取号:TP311.12/436] | 在馆 | |
| 2 | 0784793 | 207847936 | 第三借阅区/ [索取号:TP311.12/436] | 在馆 |